000 00223nam a2200097Ia 4500
008 240331s9999 xx 000 0 und d
082 _bDIS
100 _aDissanayaka, T.D.S.A
245 4 _aThe politics of Sri Lanka
942 _cL
999 _c2317
_d2317